00375nam a22000977a 4500008004100000082001700041110000800058245016600066260003600232300000900268230609b xxu||||| |||| 00| 0 eng d a354.676bGOK bGoK a2012/2013 Supplementary Estimates II (Development Expenditure)bEstimate of further Sums required to be voted for the service of the year ending 30 th june, 2013 aNairobi, KenyabGOKcJune, 2013 a218p